000 00453nam a2200157 a 4500
020 _a9789699521003 (hb)
082 _a297.55
_bGHU
_cL31,p154
100 1 _aGhulam Sarwar, col.
_937454
245 1 _aMusaafer e Haram
_cGhulam Sarwar, col.
260 _aRawalpidi :
_bMatbooaate Hurmat,
_c1980
300 _a239p.
526 _a0
_b0
_c0
_d297_550000000000000_GHU
650 0 _aIslamic Religious Education.
_937455
650 0 _aMCE
_9379
942 _2ddc
_cBK
999 _c542319
_d542319